| 000 | 00369nam a2200145Ia 4500 | ||
|---|---|---|---|
| 003 | OSt | ||
| 008 | 191201s2014 xx 000 0 und d | ||
| 100 | _aGARG, Santosh Kumar | ||
| 245 | 0 | _aSewage Disposal and Air Pollution Engineering-Vol. II | |
| 250 | _aRep | ||
| 260 |
_aN. Delhi _bKhanna Publisher _c2014 |
||
| 300 | _a1060 | ||
| 650 | _aB.Tech(CE) | ||
| 942 |
_2ddc _cBK |
||
| 999 |
_c5803 _d5803 |
||